| 000 | 01680cam a2200241 4500 | ||
|---|---|---|---|
| 001 | ABS65638 | ||
| 008 | 020624n2002 000 0 eng u | ||
| 035 | _a(Sirsi) u118504 | ||
| 245 | _aSt Brice and another v Southwark LBC | ||
| 260 | _c2002 | ||
| 490 |
_aProperty, Planning and Compensation Reports _v[2002] 1P&CR 358-370(7) |
||
| 520 | _aCA 17 July 2001. Appeal by the tenant (B) from a decision dismissing B's application to set aside a warrant of possession issued by Lambeth County Court for 31 January 2001. B had held a secure residential tenancy from the respondent council. In 1997 the council obtained a suspended possession order in relation to the premises on the grounds of arrears of rent. B failed to comply with the terms and in 2000 a warrant of execution was issued. B failed to respond to the warrant until after his eviction, when on the day of eviction he applied to re-enter the premises. The judge dismissed B's application. B appealed, claiming that to comply with the European Convention the decision to issue the warrant should have been taken by a judge, after notice to the tenant and with the benefit of representations the tenant might choose. "Held" the appeal was dismissed and there was no breach of Article 6 of the European Convention. | ||
| 590 | _aABS | ||
| 650 | _aST BRICE AND ANOTHER V SOUTHWARK LBC | ||
| 650 | _aHUMAN RIGHTS ACT 1998 | ||
| 650 | _aCONVENTION FOR THE PROTECTION OF HUMAN RIGHTS AND FUNDAMENTAL FREEDOMS | ||
| 650 | _aSECURE TENANCIES | ||
| 650 | _aRENT ARREARS | ||
| 650 | _aHOUSING ACT 1985 | ||
| 650 | _aPOSSESSION ORDERS | ||
| 690 | _aLANDLORD AND TENANT-RESIDENTIAL TENANCIES-CASE LAW | ||
| 942 | _n0 | ||
| 999 |
_c70551 _d70551 |
||